[Event "Mitropa Cup 10th"]
[Site "Arandjelovac"]
[Date "1985.??.??"]
[Round "2"]
[White "Ruefenacht, Matthias"]
[Black "Roos, Daniel"]
[Result "1/2-1/2"]
[WhiteElo "2265"]
[BlackElo "2330"]
[PlyCount "148"]
[EventDate "1985.09.22"]
[EventType "team-tourn"]
[EventRounds "7"]
[EventCountry "YUG"]
[Source "ChessBase"]
[SourceDate "2000.11.22"]

1. e4 c6 2. d3 d5 3. Nd2 Qc7 4. Ngf3 Bg4 5. Be2 e6 6. O-O Nf6 7. Ne1 Bxe2 8.
Qxe2 Nbd7 9. Nef3 Be7 10. e5 Nh5 11. Nb3 g6 12. Bh6 Bf8 13. Bxf8 Nxf8 14. c4
Ng7 15. Nbd4 Qe7 16. Rfe1 a6 17. a3 h6 18. Qd2 g5 19. h3 Ng6 20. b4 O-O 21. c5
f6 22. a4 a5 23. exf6 Qxf6 24. b5 e5 25. Nb3 Ne6 26. bxc6 bxc6 27. Ra2 Nef4 28.
Nh2 Qf5 29. Nxa5 Nxd3 30. Re3 Nxc5 31. Nxc6 Qe6 32. Nd4 Qd7 33. Ndf3 e4 34. Nd4
Ne5 35. Rg3 Kh7 36. Ng4 Nxg4 37. Rxg4 Nd3 38. Qe3 Rxa4 39. Rxa4 Qxa4 40. f3 Ne5
41. Rg3 Qa1+ 42. Kh2 Nc4 43. Qf2 Rf7 44. h4 gxh4 45. Rh3 Rf4 46. Ne6 Rf6 47.
Nd4 Ne5 48. Rxh4 Qc3 49. Nb5 Qc6 50. Qb2 Ng6 51. Rh3 Rf5 52. fxe4 dxe4 53. Nd4
Qd6+ 54. Kg1 Rd5 55. Qb7+ Ne7 56. Ne2 Rd1+ 57. Kf2 Qf6+ 58. Kg3 Qe5+ 59. Kf2
Qf5+ 60. Kg3 Rd3+ 61. Kh2 Rxh3+ 62. gxh3 Qf2+ 63. Kh1 Qf3+ 64. Kg1 Qe3+ 65. Kf1
Qxh3+ 66. Kf2 Qf3+ 67. Kg1 Qxe2 68. Qxe7+ Kg6 69. Qe6+ Kg5 70. Qe5+ Kh4 71.
Qf6+ Kg3 72. Qd6+ Kf3 73. Qf6+ Kg3 74. Qd6+ Kf3 1/2-1/2

[Event "Mitropa Cup 10th"]
[Site "Arandjelovac"]
[Date "1985.??.??"]
[Round "2"]
[White "Stull, Norbert"]
[Black "Belotti, Bruno"]
[Result "0-1"]
[WhiteElo "2205"]
[BlackElo "2355"]
[PlyCount "60"]
[EventDate "1985.09.22"]
[EventType "team-tourn"]
[EventRounds "7"]
[EventCountry "YUG"]
[Source "ChessBase"]
[SourceDate "2000.11.22"]

1. d4 Nf6 2. c4 c5 3. Nf3 cxd4 4. Nxd4 e5 5. Nb5 d5 6. cxd5 Bc5 7. e3 O-O 8.
Be2 e4 9. N1c3 Bf5 10. O-O Nbd7 11. a3 a6 12. Nd4 Bg6 13. b4 Ba7 14. Nb3 Ne5
15. Bb2 Qd6 16. Na5 Bb8 17. g3 Qd7 18. Re1 Qh3 19. Bf1 Qf5 20. Nxb7 Nfg4 21.
Re2 Nxh2 22. Bg2 Qh5 23. Rc2 Nef3+ 24. Bxf3 Nxf3+ 25. Kf1 Bf5 26. d6 Bh3+ 27.
Ke2 Nd4+ 28. Ke1 Nf3+ 29. Ke2 Bg4 30. Qh1 Nd4+ 0-1

[Event "Mitropa Cup 10th"]
[Site "Arandjelovac"]
[Date "1985.??.??"]
[Round "2"]
[White "Watzka, Horst"]
[Black "Schuh, Hubert"]
[Result "1-0"]
[WhiteElo "2335"]
[BlackElo "2300"]
[PlyCount "81"]
[EventDate "1985.09.22"]
[EventType "team-tourn"]
[EventRounds "7"]
[EventCountry "YUG"]
[Source "ChessBase"]
[SourceDate "2000.11.22"]

1. e4 c5 2. Nc3 Nc6 3. g3 g6 4. Bg2 Bg7 5. d3 d6 6. Nge2 e5 7. h4 h5 8. Nd5 Be6
9. c4 Bxd5 10. cxd5 Nce7 11. Bh3 Bh6 12. f4 exf4 13. Qa4+ Kf8 14. Nxf4 Nf6 15.
O-O Kg8 16. b4 b5 17. Qxb5 Rb8 18. Qa6 Rxb4 19. Qxa7 Bg7 20. Bd2 Rb8 21. Bc3
Ng4 22. Bxg7 Kxg7 23. Bxg4 hxg4 24. Qa3 Rf8 25. Qc3+ Kh7 26. Rab1 Ng8 27. Rxb8
Qxb8 28. a4 Qd8 29. h5 g5 30. Ng2 f6 31. Ne3 Nh6 32. a5 Kg7 33. Kg2 Qe8 34. Nc4
Qe7 35. a6 Ra8 36. Ra1 Ra7 37. Qb2 Nf7 38. Qb6 f5 39. Qb2+ Kh7 40. exf5 Nh6 41.
f6 1-0

[Event "Mitropa Cup 10th"]
[Site "Arandjelovac"]
[Date "1985.??.??"]
[Round "2"]
[White "Wirthensohn, Heinz"]
[Black "Sharif, Mershad"]
[Result "1-0"]
[WhiteElo "2425"]
[BlackElo "2430"]
[PlyCount "63"]
[EventDate "1985.09.22"]
[EventType "team-tourn"]
[EventRounds "7"]
[EventCountry "YUG"]
[Source "ChessBase"]
[SourceDate "2000.11.22"]

1. d4 Nf6 2. Nf3 d5 3. c4 e6 4. Nc3 Bb4 5. e3 c5 6. a3 Bxc3+ 7. bxc3 O-O 8. Bb2
Qa5 9. Nd2 Qc7 10. cxd5 cxd4 11. d6 Qxd6 12. cxd4 Nc6 13. Be2 Rd8 14. Nc4 Qe7
15. Qb3 b6 16. O-O Ba6 17. Rfc1 Rac8 18. Bf1 Rc7 19. Ne5 Na5 20. Qb4 Bxf1 21.
Kxf1 Rxc1+ 22. Rxc1 Qb7 23. Qc3 Nd5 24. Qc2 Qa6+ 25. Kg1 b5 26. e4 Nb6 27. Qc7
Rf8 28. Bc3 f6 29. Bb4 Rc8 30. Qf7+ Kh8 31. Rc7 Rg8 32. Ng6+ 1-0

[Event "Mitropa Cup 10th"]
[Site "Arandjelovac"]
[Date "1985.??.??"]
[Round "3"]
[White "Belotti, Bruno"]
[Black "Simic, Radoslav"]
[Result "1/2-1/2"]
[WhiteElo "2355"]
[BlackElo "2455"]
[PlyCount "98"]
[EventDate "1985.09.22"]
[EventType "team-tourn"]
[EventRounds "7"]
[EventCountry "YUG"]
[Source "ChessBase"]
[SourceDate "2000.11.22"]

1. e4 c5 2. Nf3 Nc6 3. Bb5 Nf6 4. e5 Nd5 5. O-O Nc7 6. Bxc6 dxc6 7. h3 Bf5 8.
d3 h6 9. Nc3 e6 10. Qe2 Be7 11. Ne4 O-O 12. c4 a5 13. Bf4 a4 14. a3 b5 15. Rad1
Bxe4 16. Qxe4 Ra6 17. Qe2 Rb6 18. Qc2 Qb8 19. Bc1 Rd8 20. Nd2 Na6 21. f4 Rb7
22. Ne4 Rbd7 23. Kh1 Nc7 24. g4 Ne8 25. Kg2 f5 26. Nf2 g6 27. Be3 Nc7 28. Rd2
Kh7 29. Rfd1 Na6 30. d4 cxd4 31. Rxd4 Rxd4 32. Rxd4 Rxd4 33. Bxd4 Qd8 34. Be3
Bc5 35. Qd1 Qxd1 36. Nxd1 fxg4 37. hxg4 bxc4 38. Kf3 h5 39. gxh5 gxh5 40. Nc3
Bxe3 41. Kxe3 Nc5 42. Kd4 Nd3 43. Nxa4 h4 44. Ke4 Kg6 45. Nc3 Nxb2 46. a4 Nd3
47. a5 Nb4 48. Kf3 h3 49. Ne2 h2 1/2-1/2

[Event "Mitropa Cup 10th"]
[Site "Arandjelovac"]
[Date "1985.??.??"]
[Round "3"]
[White "Dizdarevic, Emir"]
[Black "Mantovani, Renzo"]
[Result "1-0"]
[WhiteElo "2455"]
[BlackElo "2300"]
[PlyCount "79"]
[EventDate "1985.09.22"]
[EventType "team-tourn"]
[EventRounds "7"]
[EventCountry "YUG"]
[Source "ChessBase"]
[SourceDate "2000.11.22"]

1. c4 e6 2. Nf3 Nf6 3. g3 b6 4. Bg2 Bb7 5. O-O c5 6. Nc3 Be7 7. d4 cxd4 8. Qxd4
d6 9. Bg5 a6 10. Bxf6 Bxf6 11. Qd3 Ra7 12. Rfd1 Be7 13. Rd2 O-O 14. Rad1 Nd7
15. Ne4 Nc5 16. Nxc5 bxc5 17. Ne1 a5 18. Nc2 Ba6 19. Na3 Qb6 20. Nb5 Bxb5 21.
cxb5 d5 22. e4 dxe4 23. Bxe4 g6 24. a4 Bf6 25. Qd6 Rb8 26. Qxb6 Rxb6 27. Rd6
Rb8 28. Ra6 Rc7 29. Rxa5 Bxb2 30. Ra6 Bd4 31. b6 Rd7 32. Kf1 f5 33. Bc6 Rdd8
34. b7 e5 35. Ra8 Kf8 36. a5 c4 37. a6 c3 38. a7 c2 39. Re1 Bxa7 40. Rxa7 1-0

[Event "Mitropa Cup 10th"]
[Site "Arandjelovac"]
[Date "1985.??.??"]
[Round "3"]
[White "Djuric, Stefan"]
[Black "Messa, Roberto"]
[Result "0-1"]
[WhiteElo "2485"]
[BlackElo "2385"]
[PlyCount "114"]
[EventDate "1985.09.22"]
[EventType "team-tourn"]
[EventRounds "7"]
[EventCountry "YUG"]
[Source "ChessBase"]
[SourceDate "2000.11.22"]

1. d4 d5 2. Nf3 e6 3. c4 Nf6 4. Nc3 Be7 5. Bg5 O-O 6. e3 h6 7. Bxf6 Bxf6 8. Rc1
c6 9. Bd3 Nd7 10. O-O Qe7 11. e4 dxc4 12. Bxc4 Rd8 13. Qe2 e5 14. d5 Nb6 15.
dxc6 bxc6 16. Bb3 a5 17. Qe3 Rd4 18. Ne2 a4 19. Nexd4 exd4 20. Nxd4 axb3 21.
Nxc6 Qb7 22. axb3 Bd7 23. e5 Bg5 24. Qe4 Bf5 25. Qb4 Bxc1 26. Ne7+ Kh8 27. Nxf5
Bxb2 28. f4 Ba3 29. Qc3 Bf8 30. h3 Ra2 31. Rf3 Nd5 32. Qc4 Qb6+ 33. Kh2 Qc5 34.
Kg3 g6 35. Nd6 Bxd6 36. exd6 Qg1 37. Qf1 Qxf1 38. Rxf1 Ra6 39. f5 Rxd6 40. Rd1
gxf5 41. Kh4 Kg7 42. b4 Kf6 43. b5 Ke5 44. Re1+ Kf4 45. g3+ Kf3 46. Rd1 Ke4 47.
Re1+ Ne3 48. Rb1 Rb6 49. Rb4+ Ke5 50. Kh5 Nf1 51. Rb3 f4 52. gxf4+ Kxf4 53.
Rb4+ Ke5 54. Rb1 Ng3+ 55. Kg4 Ne4 56. Rb3 Rg6+ 57. Kh5 Ng3+ 0-1

[Event "Mitropa Cup 10th"]
[Site "Arandjelovac"]
[Date "1985.??.??"]
[Round "3"]
[White "Hofmann, Michael"]
[Black "Watzka, Horst"]
[Result "1/2-1/2"]
[WhiteElo "2210"]
[BlackElo "2335"]
[PlyCount "24"]
[EventDate "1985.09.22"]
[EventType "team-tourn"]
[EventRounds "7"]
[EventCountry "YUG"]
[Source "ChessBase"]
[SourceDate "2000.11.22"]

1. d4 d6 2. e4 g6 3. Nf3 Bg7 4. Be2 Bg4 5. Nbd2 Nf6 6. O-O O-O 7. c3 c6 8. Qc2
Qc7 9. h3 Bc8 10. a4 b6 11. Re1 c5 12. a5 Nbd7 1/2-1/2

[Event "Mitropa Cup 10th"]
[Site "Arandjelovac"]
[Date "1985.??.??"]
[Round "3"]
[White "Schulz, Klaus Juergen"]
[Black "Stull, Norbert"]
[Result "1-0"]
[WhiteElo "2370"]
[BlackElo "2205"]
[PlyCount "81"]
[EventDate "1985.09.22"]
[EventType "team-tourn"]
[EventRounds "7"]
[EventCountry "YUG"]
[Source "ChessBase"]
[SourceDate "2000.11.22"]

1. e4 Nf6 2. e5 Nd5 3. d4 d6 4. f4 Bf5 5. Bd3 Qd7 6. c3 Bxd3 7. Qxd3 e6 8. Nf3
Be7 9. O-O O-O 10. Ng5 Bxg5 11. fxg5 dxe5 12. dxe5 Nc6 13. Qg3 Nde7 14. Nd2 Ng6
15. Nf3 Qd5 16. Re1 Rfd8 17. h4 Nge7 18. h5 Nf5 19. Qf4 Qc5+ 20. Be3 Nxe3 21.
Qxe3 Qxe3+ 22. Rxe3 a5 23. a4 Rd5 24. Kf2 Rad8 25. Rh1 g6 26. h6 b5 27. Rh4 Rb8
28. Re2 Kf8 29. axb5 Rdxb5 30. Rc4 R8b6 31. Kg3 Rd5 32. Kf4 Ke8 33. Nh2 Rd1 34.
Ng4 Ne7 35. Nf6+ Kd8 36. Nxh7 Nd5+ 37. Kg3 Rh1 38. Rc5 Ra6 39. c4 Ne7 40. Rd2+
Kc8 41. Nf6 1-0

[Event "Mitropa Cup 10th"]
[Site "Arandjelovac"]
[Date "1985.??.??"]
[Round "3"]
[White "Titz, Heimo"]
[Black "Ruefenacht, Matthias"]
[Result "1/2-1/2"]
[WhiteElo "2330"]
[BlackElo "2265"]
[PlyCount "70"]
[EventDate "1985.09.22"]
[EventType "team-tourn"]
[EventRounds "7"]
[EventCountry "YUG"]
[Source "ChessBase"]
[SourceDate "2000.11.22"]

1. c4 e5 2. Nc3 Nf6 3. Nf3 Nc6 4. e3 Bb4 5. Nd5 e4 6. Ng1 O-O 7. a3 Bd6 8. Ne2
Nxd5 9. cxd5 Ne5 10. Ng3 f5 11. d4 Ng6 12. Be2 b6 13. O-O Bb7 14. Bc4 Ne7 15.
Qb3 a6 16. a4 Qe8 17. f3 Qg6 18. Bd2 Kh8 19. Be1 exf3 20. Rxf3 f4 21. exf4 Rxf4
22. Rxf4 Bxf4 23. Bb4 Bd6 24. Rf1 h6 25. Bxd6 Qxd6 26. Ne4 Qg6 27. Nc5 b5 28.
axb5 axb5 29. Qxb5 Bxd5 30. Bxd5 Nxd5 31. Nxd7 Ne3 32. Qb7 Re8 33. Ne5 Qc2 34.
Ra1 Rf8 35. Kh1 Rf2 1/2-1/2

[Event "Mitropa Cup 10th"]
[Site "Arandjelovac"]
[Date "1985.??.??"]
[Round "3"]
[White "Wittmann, Walter"]
[Black "Wirthensohn, Heinz"]
[Result "0-1"]
[WhiteElo "2385"]
[BlackElo "2425"]
[PlyCount "66"]
[EventDate "1985.09.22"]
[EventType "team-tourn"]
[EventRounds "7"]
[EventCountry "YUG"]
[Source "ChessBase"]
[SourceDate "2000.11.22"]

1. e4 c5 2. Nc3 e6 3. Nge2 Nc6 4. g3 d6 5. Bg2 Nf6 6. O-O Be7 7. h3 O-O 8. d3
Rb8 9. g4 b5 10. Ng3 b4 11. Nce2 Ne8 12. f4 Bd7 13. Be3 Nc7 14. Qd2 e5 15. f5
f6 16. h4 Be8 17. Bf3 Nd4 18. g5 Nxf3+ 19. Rxf3 Kh8 20. Kh2 d5 21. g6 hxg6 22.
Rg1 dxe4 23. Nxe4 gxf5 24. Rfg3 Rg8 25. Bxc5 Bh5 26. Nf4 exf4 27. Qxf4 fxe4 28.
Rg6 Bxg6 29. Rxg6 Re8 30. Rh6+ Kg8 31. Qf5 Bxc5 32. Qh7+ Kf8 33. Rg6 Ne6 0-1

[Event "Mitropa Cup 10th"]
[Site "Arandjelovac"]
[Date "1985.??.??"]
[Round "3"]
[White "Zueger, Beat"]
[Black "Roth, Peter"]
[Result "1-0"]
[WhiteElo "2435"]
[BlackElo "2310"]
[PlyCount "77"]
[EventDate "1985.09.22"]
[EventType "team-tourn"]
[EventRounds "7"]
[EventCountry "YUG"]
[Source "ChessBase"]
[SourceDate "2000.11.22"]

1. d4 d6 2. Nf3 Bg4 3. e4 Nf6 4. Nc3 c6 5. Be2 Nbd7 6. O-O e5 7. Be3 Be7 8. a4
a5 9. Nd2 Bxe2 10. Qxe2 Qc7 11. f4 O-O 12. Kh1 Rfe8 13. g4 g6 14. dxe5 dxe5 15.
f5 Rad8 16. Rf2 Qd6 17. Nc4 Qb8 18. fxg6 hxg6 19. Raf1 Rf8 20. Bh6 b5 21. Bxf8
Rxf8 22. axb5 cxb5 23. Nxa5 Qa8 24. g5 Nh5 25. Qxb5 Nc5 26. Nc6 Bd6 27. b4 Ne6
28. Qd5 Qa3 29. Nb5 Qh3 30. Qd3 Qh4 31. Nxd6 Nhf4 32. Qe3 Kg7 33. Ne7 Qxg5 34.
Nd5 Rh8 35. Nf5+ Kg8 36. Rg1 Qd8 37. Nxf4 Nxf4 38. Rxf4 exf4 39. Qd4 1-0

[Event "Mitropa Cup 10th"]
[Site "Arandjelovac"]
[Date "1985.??.??"]
[Round "4"]
[White "Brunner, Lucas"]
[Black "Nikolic, Zivoslav"]
[Result "0-1"]
[WhiteElo "2395"]
[BlackElo "2450"]
[PlyCount "81"]
[EventDate "1985.09.22"]
[EventType "team-tourn"]
[EventRounds "7"]
[EventCountry "YUG"]
[Source "ChessBase"]
[SourceDate "2000.11.22"]

1. Nf3 Nf6 2. c4 g6 3. g3 Bg7 4. Bg2 O-O 5. O-O d5 6. cxd5 Nxd5 7. Nc3 Nb6 8.
d3 Bd7 9. Be3 Bc6 10. Qc1 Re8 11. Bh6 Bh8 12. h4 N8d7 13. h5 Nf6 14. hxg6 hxg6
15. Rb1 Nbd5 16. Bd2 Qc8 17. Nd4 Nxc3 18. Bxc3 Bd5 19. Qg5 e5 20. Bxd5 Nxd5 21.
Nf3 Bf6 22. Qh6 Qg4 23. Kh2 Bg7 24. Qh4 Qxh4+ 25. Nxh4 Rad8 26. Rfc1 Bh6 27.
Rc2 c6 28. Be1 Rd7 29. b4 a6 30. a4 Nc7 31. Nf3 f5 32. Bd2 e4 33. dxe4 fxe4 34.
Bxh6 exf3 35. Be3 Rh7+ 36. Kg1 Kf7 37. Bd4 Ne6 38. Bc3 Ng7 39. Bxg7 Kxg7 40.
Rd1 Kf6 41. Rd6+ 0-1

[Event "Mitropa Cup 10th"]
[Site "Arandjelovac"]
[Date "1985.??.??"]
[Round "4"]
[White "Dizdarevic, Emir"]
[Black "Schulz, Klaus Juergen"]
[Result "1/2-1/2"]
[WhiteElo "2455"]
[BlackElo "2370"]
[PlyCount "96"]
[EventDate "1985.09.22"]
[EventType "team-tourn"]
[EventRounds "7"]
[EventCountry "YUG"]
[Source "ChessBase"]
[SourceDate "2000.11.22"]

1. c4 Nf6 2. Nf3 e6 3. g3 d5 4. d4 Be7 5. Bg2 O-O 6. Qc2 a6 7. Bf4 Nc6 8. Nbd2
dxc4 9. Qxc4 Nd5 10. O-O Nxf4 11. gxf4 Bd6 12. e3 Bd7 13. Qb3 Rb8 14. Rac1 Ne7
15. Ne5 Bb5 16. Rfe1 Qe8 17. Kh1 Ba4 18. Qc4 Bb5 19. Qc2 Nd5 20. a3 f6 21. Nec4
f5 22. Rg1 Ba4 23. b3 Bc6 24. Nf3 Nf6 25. Nfe5 Bxg2+ 26. Rxg2 g6 27. Rcg1 Kh8
28. f3 b5 29. Na5 Bxe5 30. fxe5 Nd5 31. Re2 Rf7 32. Nc6 Rb6 33. Nb4 Nxb4 34.
axb4 Rc6 35. Qd3 Qd7 36. e4 fxe4 37. fxe4 Qe7 38. d5 Rb6 39. d6 Qd8 40. Rd2
cxd6 41. exd6 Rd7 42. e5 Qa8+ 43. Rgg2 Rc6 44. Rd1 Rc8 45. Rf1 Qc6 46. Qf3 Qxf3
47. Rxf3 Kg7 48. Rf6 Rxd6 1/2-1/2

[Event "Mitropa Cup 10th"]
[Site "Arandjelovac"]
[Date "1985.??.??"]
[Round "4"]
[White "Filipovic, Branko"]
[Black "Schuh, Hubert"]
[Result "1-0"]
[WhiteElo "2410"]
[BlackElo "2300"]
[PlyCount "119"]
[EventDate "1985.09.22"]
[EventType "team-tourn"]
[EventRounds "7"]
[EventCountry "YUG"]
[Source "ChessBase"]
[SourceDate "2000.11.22"]

1. e4 c5 2. Nf3 e6 3. d3 Nc6 4. g3 d6 5. Bg2 Nf6 6. O-O Be7 7. c3 O-O 8. Re1
Bd7 9. d4 cxd4 10. cxd4 d5 11. e5 Ne4 12. Nbd2 Nxd2 13. Bxd2 Qb6 14. Bc3 Rfc8
15. h4 a5 16. Bf1 a4 17. a3 Na7 18. Bd3 Nb5 19. Bb4 Bxb4 20. axb4 Nc7 21. Bb1
Qxb4 22. Qd3 g6 23. h5 Qb3 24. Qxb3 axb3 25. Rxa8 Nxa8 26. Bd3 gxh5 27. Ra1 Nb6
28. Nd2 Nc4 29. Bxc4 dxc4 30. Ne4 Bc6 31. Nd6 Rd8 32. Kf1 f5 33. Ke2 Kf8 34.
Kd2 Ke7 35. Kc3 Bd5 36. Ra7 Rb8 37. Ra5 Rd8 38. f4 Bg2 39. Kxc4 Rg8 40. Ra7
Rxg3 41. Nxb7 Bd5+ 42. Kb4 Kf8 43. Nc5 Rg7 44. Nd7+ Kf7 45. Nf6+ Kg6 46. Ra6
Rb7+ 47. Kc5 Bg2 48. d5 h4 49. dxe6 Kg7 50. Nh5+ Kf8 51. Kd6 Rb8 52. Ra7 Rb6+
53. Kd7 Rb8 54. e7+ Kf7 55. e6+ Kg6 56. e8=Q+ Rxe8 57. Kxe8 Bc6+ 58. Kf8 Kxh5
59. Rxh7+ Kg4 60. e7 1-0

[Event "Mitropa Cup 10th"]
[Site "Arandjelovac"]
[Date "1985.??.??"]
[Round "4"]
[White "Fleck, Juergen"]
[Black "Simic, Radoslav"]
[Result "1/2-1/2"]
[WhiteElo "2390"]
[BlackElo "2455"]
[PlyCount "38"]
[EventDate "1985.09.22"]
[EventType "team-tourn"]
[EventRounds "7"]
[EventCountry "YUG"]
[Source "ChessBase"]
[SourceDate "2000.11.22"]

1. e4 c5 2. Nf3 Nc6 3. d4 cxd4 4. Nxd4 Nf6 5. Nc3 e5 6. Ndb5 d6 7. Be3 a6 8.
Na3 Rb8 9. Nd5 Nxd5 10. exd5 Ne7 11. c4 Nf5 12. Bd2 Be7 13. Bd3 O-O 14. O-O Bg5
15. b4 g6 16. Re1 Ng7 17. Bxg5 Qxg5 18. c5 dxc5 19. bxc5 Rd8 1/2-1/2

[Event "Mitropa Cup 10th"]
[Site "Arandjelovac"]
[Date "1985.??.??"]
[Round "4"]
[White "Roos, Daniel"]
[Black "Titz, Heimo"]
[Result "1/2-1/2"]
[WhiteElo "2330"]
[BlackElo "2330"]
[PlyCount "75"]
[EventDate "1985.09.22"]
[EventType "team-tourn"]
[EventRounds "7"]
[EventCountry "YUG"]
[Source "ChessBase"]
[SourceDate "2000.11.22"]

1. e4 c5 2. Nc3 Nc6 3. g3 g6 4. Bg2 Bg7 5. d3 d6 6. f4 e6 7. Nf3 Nge7 8. O-O
O-O 9. Be3 Nd4 10. Bf2 f5 11. Nxd4 cxd4 12. Ne2 e5 13. c3 Qb6 14. cxd4 exd4 15.
Qb3+ Qxb3 16. axb3 Nc6 17. Rfc1 Bd7 18. exf5 Rxf5 19. Rc4 Rc5 20. Rac1 Re8 21.
Be4 Rxc4 22. bxc4 Bf5 23. Bxf5 Rxe2 24. Be4 Rxb2 25. Ra1 a5 26. Kf1 Bf6 27.
Bxc6 bxc6 28. Rxa5 c5 29. Ke1 g5 30. Ra6 gxf4 31. Rxd6 Be7 32. Rd7 fxg3 33.
Bxg3 Kf8 34. Bd6 Bxd6 35. Rxd6 Rxh2 36. Rd5 Rh3 37. Ke2 Rh2+ 38. Ke1 1/2-1/2

[Event "Mitropa Cup 10th"]
[Site "Arandjelovac"]
[Date "1985.??.??"]
[Round "4"]
[White "Roth, Peter"]
[Black "Miralles, Gilles"]
[Result "1/2-1/2"]
[WhiteElo "2310"]
[BlackElo "2370"]
[PlyCount "47"]
[EventDate "1985.09.22"]
[EventType "team-tourn"]
[EventRounds "7"]
[EventCountry "YUG"]
[Source "ChessBase"]
[SourceDate "2000.11.22"]

1. e4 e6 2. d4 d5 3. Nc3 Bb4 4. e5 c5 5. a3 Bxc3+ 6. bxc3 Ne7 7. Qg4 Qc7 8. Bd3
cxd4 9. Ne2 dxc3 10. Qxg7 Rg8 11. Qxh7 Qxe5 12. Bf4 Qf6 13. h4 Rxg2 14. Kf1 Rg8
15. Bg5 Rxg5 16. hxg5 Qxg5 17. Qh8+ Kd7 18. Rg1 Qd2 19. Rg7 Nbc6 20. Rxf7 a6
21. Nxc3 Qg5 22. Re1 Kd6 23. Qh2+ e5 24. f4 1/2-1/2

[Event "Mitropa Cup 10th"]
[Site "Arandjelovac"]
[Date "1985.??.??"]
[Round "4"]
[White "Sharif, Mershad"]
[Black "Wittmann, Walter"]
[Result "1/2-1/2"]
[WhiteElo "2430"]
[BlackElo "2385"]
[PlyCount "34"]
[EventDate "1985.09.22"]
[EventType "team-tourn"]
[EventRounds "7"]
[EventCountry "YUG"]
[Source "ChessBase"]
[SourceDate "2000.11.22"]

1. e4 e5 2. Nf3 Nc6 3. Bc4 Nf6 4. d3 Bc5 5. O-O d6 6. c3 a6 7. Bb3 O-O 8. Re1
Ba7 9. Na3 h6 10. Nc4 Be6 11. Be3 Qd7 12. Bxa7 Nxa7 13. d4 Bxc4 14. Bxc4 Nc6
15. dxe5 Nxe5 16. Bb3 Rfe8 17. Nd4 Ng6 1/2-1/2

[Event "Mitropa Cup 10th"]
[Site "Arandjelovac"]
[Date "1985.??.??"]
[Round "4"]
[White "Watzka, Horst"]
[Black "Birmingham, Eric"]
[Result "1-0"]
[WhiteElo "2335"]
[BlackElo "2340"]
[PlyCount "80"]
[EventDate "1985.09.22"]
[EventType "team-tourn"]
[EventRounds "7"]
[EventCountry "YUG"]
[Source "ChessBase"]
[SourceDate "2000.11.22"]

1. e4 c5 2. Nf3 Nc6 3. Bb5 g6 4. O-O Bg7 5. Re1 Nf6 6. c3 O-O 7. d4 cxd4 8.
cxd4 d5 9. e5 Ne4 10. Bxc6 bxc6 11. Nbd2 c5 12. dxc5 Nxc5 13. Nb3 Ne6 14. Be3
a5 15. Rc1 a4 16. Nc5 Nxc5 17. Rxc5 Ra5 18. h3 Bf5 19. Rc1 Qb8 20. Nd4 Bd7 21.
Qd2 Ra6 22. Bf4 Qb7 23. Rc2 Rc8 24. Rxc8+ Bxc8 25. Rc1 Bd7 26. Qc3 f6 27. Re1
Ra8 28. Qa3 Re8 29. e6 Bb5 30. Qb4 Ba6 31. Qxa4 Ra8 32. Qc6 f5 33. Be5 Bxe5 34.
Rxe5 Qb8 35. Re1 Bd3 36. Qc3 Be4 37. f3 Rxa2 38. fxe4 dxe4 39. Nc6 Qxb2 40.
Nxe7+ Kf8 1-0

[Event "Mitropa Cup 10th"]
[Site "Arandjelovac"]
[Date "1985.??.??"]
[Round "5"]
[White "Belotti, Bruno"]
[Black "Schulz, Klaus Juergen"]
[Result "1/2-1/2"]
[WhiteElo "2355"]
[BlackElo "2370"]
[PlyCount "97"]
[EventDate "1985.09.22"]
[EventType "team-tourn"]
[EventRounds "7"]
[EventCountry "YUG"]
[Source "ChessBase"]
[SourceDate "2000.11.22"]

1. e4 d6 2. d4 Nf6 3. Nc3 g6 4. g3 Bg7 5. Bg2 O-O 6. Nge2 e5 7. h3 exd4 8. Nxd4
Re8 9. O-O Nbd7 10. Re1 Nc5 11. Nb3 Nfd7 12. Bf4 a5 13. Qd2 Ne6 14. Bh6 Bh8 15.
f4 a4 16. Nc1 c6 17. Nd3 a3 18. b4 Nb6 19. e5 Nc4 20. Qf2 dxe5 21. Nxe5 Nxe5
22. fxe5 Qd4 23. Re3 Qxb4 24. Ne4 Bxe5 25. Nf6+ Bxf6 26. Qxf6 Qe7 27. Qc3 Bd7
28. Rae1 Qc5 29. Qxc5 Nxc5 30. Rxe8+ Rxe8 31. Rxe8+ Bxe8 32. Bc1 Ne6 33. c3 f5
34. Bxa3 f4 35. Kf2 g5 36. Bd6 fxg3+ 37. Kxg3 Bg6 38. h4 Ng7 39. Bh3 gxh4+ 40.
Kxh4 Bf5 41. Bf1 Be6 42. Bd3 Bxa2 43. Kg5 Be6 44. Be5 b5 45. Bc2 c5 46. Kh6 Bf5
47. Bb3+ Ne6 48. Bxe6+ Bxe6 49. Bd6 1/2-1/2

[Event "Mitropa Cup 10th"]
[Site "Arandjelovac"]
[Date "1985.??.??"]
[Round "5"]
[White "Dizdarevic, Emir"]
[Black "Ruefenacht, Matthias"]
[Result "1-0"]
[WhiteElo "2455"]
[BlackElo "2265"]
[PlyCount "83"]
[EventDate "1985.09.22"]
[EventType "team-tourn"]
[EventRounds "7"]
[EventCountry "YUG"]
[Source "ChessBase"]
[SourceDate "2000.11.22"]

1. c4 e5 2. Nc3 Nf6 3. Nf3 Nc6 4. g3 d5 5. cxd5 Nxd5 6. Bg2 Nb6 7. O-O Be7 8.
d3 O-O 9. a3 Be6 10. b4 Nd4 11. Rb1 Nd5 12. Bb2 Nxc3 13. Bxc3 f6 14. Bxd4 exd4
15. Qc2 f5 16. Rfc1 c6 17. Qb2 Bf6 18. b5 cxb5 19. Qxb5 Rb8 20. Qa4 a6 21. Rb4
Bd5 22. Rcb1 Kh8 23. Bh3 Bc6 24. Qc2 Bxf3 25. exf3 b5 26. Qb2 Qd5 27. a4 Qxf3
28. axb5 axb5 29. Rxb5 Rxb5 30. Qxb5 f4 31. Bg2 Qe2 32. Qc5 Rd8 33. Be4 Qg4 34.
Kg2 Qg5 35. Qb6 Qe5 36. Rb5 Qd6 37. Qa5 fxg3 38. hxg3 Rf8 39. Rh5 h6 40. Qf5
Kg8 41. Rxh6 Kf7 42. Rh1 1-0

[Event "Mitropa Cup 10th"]
[Site "Arandjelovac"]
[Date "1985.??.??"]
[Round "5"]
[White "Djuric, Stefan"]
[Black "Wirthensohn, Heinz"]
[Result "1/2-1/2"]
[WhiteElo "2485"]
[BlackElo "2425"]
[PlyCount "80"]
[EventDate "1985.09.22"]
[EventType "team-tourn"]
[EventRounds "7"]
[EventCountry "YUG"]
[Source "ChessBase"]
[SourceDate "2000.11.22"]

1. d4 Nf6 2. c4 e6 3. Nf3 d5 4. Nc3 Bb4 5. Bg5 Nbd7 6. cxd5 exd5 7. e3 c5 8.
Be2 Qa5 9. O-O Bxc3 10. bxc3 c4 11. Nd2 Qxc3 12. Rc1 Qa5 13. e4 Nxe4 14. Nxe4
dxe4 15. d5 O-O 16. Rxc4 Nb6 17. Rd4 Re8 18. Qb3 Qc5 19. Rfd1 Bd7 20. Be3 Rac8
21. Rxe4 Qa5 22. Rh4 Bf5 23. Bd3 Rc3 24. Qb5 Qxb5 25. Bxb5 Rd8 26. h3 Rxd5 27.
Rxd5 Nxd5 28. Bxa7 Be6 29. a4 Rc8 30. Rc4 Nc3 31. Rd4 Nxb5 32. axb5 f6 33. Rd6
Bc4 34. b6 Bb5 35. Rd5 Bc6 36. Rc5 Kf7 37. f3 Ke6 38. Kf2 Kd6 39. Rc1 Bd7 40.
Rc7 Rxc7 1/2-1/2

[Event "Mitropa Cup 10th"]
[Site "Arandjelovac"]
[Date "1985.??.??"]
[Round "5"]
[White "Hofmann, Michael"]
[Black "Nikolic, Zivoslav"]
[Result "1/2-1/2"]
[WhiteElo "2210"]
[BlackElo "2450"]
[PlyCount "80"]
[EventDate "1985.09.22"]
[EventType "team-tourn"]
[EventRounds "7"]
[EventCountry "YUG"]
[Source "ChessBase"]
[SourceDate "2000.11.22"]

1. d4 Nc6 2. Nf3 d5 3. Bf4 Bg4 4. Nbd2 e6 5. c3 Nf6 6. e3 Bd6 7. Bg5 h6 8. Bxf6
Qxf6 9. Be2 O-O 10. O-O Bf5 11. Qb3 Rab8 12. c4 Rfd8 13. a3 a6 14. Rac1 Bf8 15.
Qc3 Ra8 16. Rfe1 Rdc8 17. Nb3 Qe7 18. Nc5 Nd8 19. Bd3 Bxd3 20. Nxd3 Qe8 21. Qb3
dxc4 22. Rxc4 Qb5 23. Qc2 Nc6 24. Nfe5 Nxe5 25. Nxe5 Bd6 26. Nd3 Qh5 27. g3 c6
28. Nc5 Bxc5 29. Rxc5 Qf3 30. Qe2 Qf6 31. Rec1 Rd8 32. Qc4 Qf3 33. Qb3 Rd7 34.
Qd1 Qf6 35. Qb3 Re8 36. Qc3 Qf3 37. a4 Rd5 38. Rxd5 Qxd5 39. Qb4 Qd7 40. Rc5
Qe7 1/2-1/2